Central Library OPAC University of Rajshahi

Kashmir, the wounded valley / (Record no. 64896)

MARC details
000 -LEADER
fixed length control field 00768nam a2200241 a 4500
001 - CONTROL NUMBER
control field 64896
003 - CONTROL NUMBER IDENTIFIER
rucl marc code BD-RjUL
005 - DATE AND TIME OF LATEST TRANSACTION
control field 20211209081351.0
008 - FIXED-LENGTH DATA ELEMENTS--GENERAL INFORMATION
fixed length control field 170223s1994 ii b 001 0 eng
020 ## - INTERNATIONAL STANDARD BOOK NUMBER
International Standard Book Number 8186112367 :
Terms of availability Rs195.00
035 ## - SYSTEM CONTROL NUMBER
System control number (BD-RjUL)65026
040 ## - CATALOGING SOURCE
Original cataloging agency DLC
Transcribing agency DLC
Language of cataloging eng
Modifying agency BD-RjUL
041 ## - LANGUAGE CODE
Language code of text/sound track or separate title eng
082 00 - DEWEY DECIMAL CLASSIFICATION NUMBER
Classification number 954.6035
Edition number 23
Author mark and year BHK 1994
100 1# - MAIN ENTRY--PERSONAL NAME
Personal name Bhattacharjea, Ajit.
9 (RLIN) 192362
245 10 - TITLE STATEMENT
Title Kashmir, the wounded valley /
Statement of responsibility, etc. Ajit Bhattacharjea.
260 ## - PUBLICATION, DISTRIBUTION, ETC. (IMPRINT)
Place of publication, distribution, etc. New Delhi :
Name of publisher, distributor, etc. UBS Publishers' Distributors,
Date of publication, distribution, etc. 1994.
300 ## - PHYSICAL DESCRIPTION
Pagination xv, 312 p. ;
Size 22 cm.
504 ## - BIBLIOGRAPHY, ETC. NOTE
Bibliography, etc Includes bibliographical references and index.
651 #0 - SUBJECT ADDED ENTRY--GEOGRAPHIC NAME
Geographic name Jammu and Kashmir (India)
General subdivision Politics and government.
9 (RLIN) 190933
Chronological subdivision 1885-1947
942 ## - ADDED ENTRY ELEMENTS (KOHA)
Source of classification or shelving scheme Dewey Decimal Classification
Koha item type Books
Holdings
Lost status Source of classification or shelving scheme Damaged status Not for loan Collection code Permanent Location Current Location Shelving location Date acquired Source of acquisition Cost, normal purchase price Total Checkouts Full call number Date last seen Copy number Koha item type
  Dewey Decimal Classification   Not For Loan Non-fiction Central Library, University of Rajshahi Central Library, University of Rajshahi Reading Room 27/08/1995 Harun book center 243.00   954.6035 BHK 1994 23/02/2017 C-1 Books